Trenčianske Teplice
Zobrazenie: Na čiernom podklade v bielom orámovaní pohľady na liečebný dom a historickú kúpeľnú odpočiváreň v exteriéri aj v interiéri
| Other Authors: | |
|---|---|
| Format: | Photo |
| Language: | Slovak English German |
| PhysicalDescription: | 1 pohľadnica (3 čiastkové pohľady) farebná 15 x 11cm |
| Published: |
[Nitra]
FOTAR
[1998?]
|
| Subjects: |
MARC
| LEADER | 00000ckm a2200000 a 4500 | ||
|---|---|---|---|
| 001 | vtls001330947 | ||
| 003 | SK-MaSNL | ||
| 005 | 20260331203835.0 | ||
| 007 | kf co | ||
| 008 | 230706q1998 xo g 0kuslo | ||
| 015 | |a SNBG1999/01-00143 | ||
| 035 | |a SNK000283820 | ||
| 035 | |a urn:nbn:sk:snk-km3lwkl | ||
| 035 | |a 862D4C09-CB67-4DBF-B1C9-BE068A6076BD | ||
| 035 | |a urn:nbn:sk:snk-km00dr3z | ||
| 040 | |a SNK |b slo |c SNK |e AACR2 | ||
| 041 | 0 | |a slo |a eng |a ger | |
| 043 | |a e-xo--- | ||
| 044 | |a xo |c SK | ||
| 072 | 7 | |a 913 |x Regionálna geografia |2 konspekt | |
| 080 | |a 908.437.626(084.121) |2 1981 | ||
| 080 | |a 913(437.6) |2 2011 | ||
| 080 | |a 614.2:[725.1:614.21] |2 2011 | ||
| 080 | |a (084.121) |2 2011 | ||
| 080 | |a 711.455:615.838 |2 2011 | ||
| 100 | 1 | |a Tarábek, Ján, |d 1978- |4 pht |9 178454 | |
| 245 | 1 | 0 | |a Trenčianske Teplice |h grafika |c foto Ján Tarábek |
| 246 | 3 | 3 | |a Kúpele Trenčianske Teplice |b Sina : Hammam |
| 246 | 3 | 3 | |a Heilbad Trenčianske Teplice |
| 246 | 3 | 3 | |a Spa Trenčianske Teplice |
| 260 | |a [Nitra] |b FOTAR |c [1998?] | ||
| 300 | |a 1 pohľadnica (3 čiastkové pohľady) |b farebná |c 15 x 11cm | ||
| 500 | |a Hlavný názov prevzatý z obrazovej časti pohľadnice | ||
| 500 | |a Rok vydania určený na základe prírastkového čísla | ||
| 500 | |a Na pohľadnici uvedené: foto © Ján Tarábek | ||
| 520 | 8 | |a Zobrazenie: Na čiernom podklade v bielom orámovaní pohľady na liečebný dom a historickú kúpeľnú odpočiváreň v exteriéri aj v interiéri | |
| 546 | |a Variantný názov v ang., nem. | ||
| 610 | 2 | 7 | |a Trenčianske Teplice (Slovensko : kúpele) |2 SNKKA |9 187705 |
| 650 | 0 | 7 | |a kúpele |2 SNKPH |9 1139 |
| 650 | 0 | 7 | |a liečebne |2 SNKPH |9 56920 |
| 651 | 7 | |a Trenčianske Teplice (Slovensko) |2 SNKPHgeo |9 14503 | |
| 655 | 7 | |a miestne pohľadnice |2 SNKPH |9 70510 | |
| 852 | |a Slovenská národná knižnica | ||
| 958 | |a GBN | ||
| 958 | |a TL | ||
| 958 | |a GC | ||
| 958 | |a OND | ||
| 999 | |c 976201 |d 978131 | ||
| 952 | |t P60, <04>, [BOOK], {604} |a SNK |b SNK |y PREZ |7 0 |p 17A1292654 |o snkSP 148460 D1 |i snkPV 502/98 |0 0 |1 0 |4 0 |d 1998-05-13 |l 0 |r 2005-01-02 00:00:00 |w 2026-02-24 | ||
| 952 | |t P60, <03>, [BOOK], {603} |a SNK |b SNK |y PREZ |7 0 |p 17A1292655 |o snkSP 148460 |i snkPV 501/98 |0 0 |1 0 |4 0 |d 1998-05-13 |f 1 |l 0 |r 2005-01-02 00:00:00 |w 2026-02-24 | ||


